000 01085nam a2200313 i 4500
003 EG-GICUC
005 20260121101733.0
008 260118s1938 ua |||fr|||| ||| 0 Fre d
040 _aEG-GICUC
_cEG-GICUC
_dEG-GICUC
_erda
_bfre
041 0 _afre
082 0 4 _221
_a341.3
_bHA . É
092 0 4 _221
099 _aLaw1 11 341.3 HA . É 1938
100 0 _aHamed Sultan
_eAuteur
245 1 2 _aL'Evolution Du Concept De Neutralite /
_cPar Hamed Sultan ; Préface De M. Manfredi Sitto-Pintor.
264 0 _aLe Caire:
_bUniversité Egyptienne - Faculté de Droit;
_c1938.
300 _a351 Pages;
_c24 CM.
_billustration ;
336 _2rda contenu
_a texte
337 _2rda media
_aunmediated
338 _2rda carrier
_avolume
504 _aInclude Bibliography And Bibliographic references
546 _aTexte en français
650 0 4 _aDroit international public
650 0 4 _aRelations internationales
700 0 _aSitto-Pintor., M. Manfredi
_ePréfacier
856 _uhttps://fll.law.cu.edu.eg/fulltext/bks/B11-06552.pdf
905 _a75
942 _2ddc
_n0
_cBK
_e21
999 _c57377
_d57377